banner-ar

التفكير الناقد : (Record no. 66977)

MARC details
000 -الفاتح
حقل البيانات ثابتة الطول 00794nam a2200229Ia 4500
005 - وقت وتاريخ اخر تعامل مع التسجيلة
رقم الضبط 20240530110950.0
008 - عناصر البيانات ثابتة الطول - معلومات عامة
حقل البيانات ثابتة الطول 140319s2021 ua a g 000 0 ara d
017 ## - رقم الايداع القانونى
المصدر ( الهيئة المختصة) مصر. دار الكتب
020 ## - الرقم الدولى المعيارى للكتب
الرقم الدولى المعيارى للكتاب 9789948258186
040 ## - مصدر الفهرسة
وكالة الفهرسة الأصلية GCL /
وكالة النسخ GCL
082 04 - رقم تصنيف ديوى العشرى
رقم الطبعة 21
رقم التصنيف 370.152
رقم المادة أ ت
100 0# - المدخل الرئيسى - إسم شخصى
الإسم الشخصى احمد عزت
245 10 - بيان العنوان
العنوان التفكير الناقد :
بقية العنوان النظرية والتطبيق /
بيان المسئوليه,etc احمد عزت
250 ## - بيان الطبعة
بيان الطبعة ط. 1
260 ## - PUBLICATION, DISTRIBUTION, ETC. (IMPRINT)
تاريخ النشر أو التوزيع 2021.
300 ## - الوصف المادى
التعداد 344 ص. :
تفاصيل ماديه اخرى للوعاء ايض ؛
أبعاد الوعاء 24 سم.
650 07 - المدخل الاضافى بالموضوع-مصطلح موضوعى
مصطلح موضوعي التفكير
650 07 - المدخل الاضافى بالموضوع-مصطلح موضوعى
مصطلح موضوعي التفكير الابداعى
650 07 - المدخل الاضافى بالموضوع-مصطلح موضوعى
مصطلح موضوعي التفكير الناقد
942 ## - عناصر المدخل الإضافي( كوها)
مصدر التصنيف او مخطط الترفيف Dewey Decimal Classification
Koha [default] item type كتاب
260 ## - PUBLICATION, DISTRIBUTION, ETC. (IMPRINT)
-- القاهرة :
-- الشقرى للنشر والخدمات الجامعية المتطورة،
Holdings
حالة التراجع حالة الفقد حالة تلف ليس للاعارة المكان المؤقت الموقع الحالى موقع الترفيف تاريخ الاكتساب اجمالي اﻻعارات رقم الطلب الباركود تاريخ اخر مشاهدة تاريخ تفعيل السعر نوع وعاء كوها
        مكتبة القاهرة الكبرى مكتبة القاهرة الكبرى ق الرئيسية_العلوم الاجتماعية_ك عربى 12/12/2022   370.152 أ ت 168992 12/12/2022 12/12/2022 كتاب

Powered By

EGPV